000 00433nam a2200133Ia 4500
008 100328s9999 xx 000 0 und d
082 _b23128
100 _aआपटे ह.ना.
245 _aगड आला पण सिंह गेला
260 _bआर्यभूषण
630 _aगड आला पण सिंह गेला
730 _aगड आला पण सिंह गेला
942 _cBOOK
999 _c516901
_d516898